A-z common symptom answer guide /

Bibliographic Details
Corporate Author: NetLibrary, Inc
Other Authors: Wasson, John (Physician)
Format: eBook
Language:English
Published: New York : McGraw-Hill Medical Pub. Division, [2004]
Subjects:
Online Access:Connect to the full text of this electronic book

MARC

Tag First Indicator Second Indicator Subfields
LEADER 00000cam a2200000Ia 4500
001 in00002248367
005 20190326183610.0
006 m d
007 cr cnu|||unuuu
008 041216s2004 nyu sf 000 0 eng d
020 |a 0071442200 (electronic bk.) 
020 |a 9780071442206 (electronic bk.) 
035 |a (OCoLC)ocm57245695 
035 |a (OCoLC)57245695 
040 |a N$T  |c N$T  |d OCLCQ  |d UtOrBLW 
049 |a TXAM 
050 1 4 |a RC69  |b .A392 2004eb 
082 0 4 |a 616/.047  |2 22 
245 0 0 |a A-z common symptom answer guide /  |c John Wasson [and others]. 
246 3 0 |a Common symptom answer guide 
264 1 |a New York :  |b McGraw-Hill Medical Pub. Division,  |c [2004] 
264 4 |c ©2004 
300 |a xvii, 219 pages ;  |c 21 cm. 
336 |a text  |b txt  |2 rdacontent 
337 |a computer  |b c  |2 rdamedia 
338 |a online resource  |b cr  |2 rdacarrier 
500 |a "A family medical reference"--Cover. 
533 |a Electronic reproduction.  |b Boulder, Colo. :  |c NetLibrary,  |d 2004.  |n Available via World Wide Web.  |n Access may be limited to NetLibrary affiliated libraries. 
500 |a Electronic resource. 
650 0 |a Symptoms  |v Handbooks, manuals, etc. 
650 0 |a Diagnosis  |v Handbooks, manuals, etc. 
650 2 |a Diagnosis  |x handbooks. 
650 2 |a Health Status Indicators. 
655 7 |a Electronic books.  |2 local 
700 1 |a Wasson, John  |c (Physician) 
710 2 |a NetLibrary, Inc. 
776 1 |c Original  |z 0071416188  |w (OCoLC)56053599 
856 4 0 |u http://proxy.library.tamu.edu/login?url=http://www.netLibrary.com/urlapi.asp?action=summary&v=1&bookid=124498  |z Connect to the full text of this electronic book  |t 0 
994 |a 92  |b TXA 
999 |a MARS 
999 f f |s 50832382-77b0-34dd-b284-5d4dbc654536  |i d6faf0f3-896a-3fc4-81c7-cbff30166fe1  |t 0 
952 f f |a Texas A&M University  |b College Station  |c Electronic Resources  |d Available Online  |t 0  |e RC69 .A392 2004eb  |h Library of Congress classification 
998 f f |a RC69 .A392 2004eb  |t 0  |l Available Online